Tallest Cities in America By Elevation - Statistics

General Stats
  • This quiz has been taken 12 times
  • The average score is 3 of 10
Answer Stats
Elevation (ft) Answer % Correct
10,119 leadville
83%
10,361 Alma
67%
9,603 Breckenridge
42%
9,953 Fairplay
33%
10,037 Blue River
17%
9,800 Brian Head
17%
10,312 Montezuma
8%
9,600 Mountain Village
8%
9,695 Ophir
8%
9,708 Victor
8%
No matching quizzes found
Score Distribution
Percent of People with Each Score
Percentile by Number Answered
Your Score History
You have not taken this quiz